000 00731nam a22001817a 4500
005 20250714112426.0
008 250714b |||||||| |||| 00| 0 eng d
037 _cTB
040 _aCRL
_cCRL
084 _a Δ 153R0
_qCRL
100 _aਰਾਮ ਜੀ
_9815499
245 _aਹਿਮਾਲਿਆ ਦੇ ਸੰਤਾਂ ਸੰਗ ਨਿਵਾਸ
260 _aਮੋਹਾਲੀ, ਭਾਰਤ:
_bਵਿਸ਼ਵ ਗੁਰਮਾਤਿ ਰੂਹਾਨੀ ਮਿਸ਼ਨ ਚੈਰੀਟੇਬਲ,
_c2020.
365 _b440.00
_cINR
650 _2ਅਧਿਆਤਮਵਾਦ
942 _2CC
_cTB
_h Δ 153R0
_n0
999 _c1433618
_d1433618